000
00345 a2200169 4500
001
74490
020
_a
040
_c
Anchieta - Colégio São Paulo
100
_a
Sirkis, Alfredo
240
1
0
_a
Os Carbonários
_l
por
245
1
0
_a
Os Carbonários
300
_a
377
362
0
_a
1983
440
1
_a
Global
650
4
_a
Brasil
942
_c
BK
999
_c
74490
_d
74490